Novela zákona o audítoroch

Novela (zákon č. 504/2009 Z.z.) nie je veľkého rozsahu, spresňujú sa v nej niektoré ustanovenia pôvodného zákona (zákon č. 540/2007 Z.z.) a zabezpečuje sa zapracovanie odporúčaní Výboru pre audit a dohľad nad audítorskou profesiou európskej komisie.

Gespeichert in:
Bibliographische Detailangaben
1. Verfasser: Fabová, Zdenka
Format: Buchkapitel
Sprache:Slowakisch
Schlagworte:
Tags: Tag hinzufügen
Keine Tags, Fügen Sie das erste Tag hinzu!

MARC

LEADER 00000naa$a2200000$$$4500
001 0112357
005 20231114101118.3
041 0 |a slo 
044 |a SK 
245 1 0 |a Novela zákona o audítoroch  |c Zdenka Fabová 
520 |a Novela (zákon č. 504/2009 Z.z.) nie je veľkého rozsahu, spresňujú sa v nej niektoré ustanovenia pôvodného zákona (zákon č. 540/2007 Z.z.) a zabezpečuje sa zapracovanie odporúčaní Výboru pre audit a dohľad nad audítorskou profesiou európskej komisie. 
610 2 0 |a audítori 
610 2 0 |a audítorstvo 
610 2 0 |a zákony 
610 2 0 |a novelizácia 
610 2 0 |a Slovensko 
100 1 |a Fabová, Zdenka